Statystyki dla Trenerzy Reprezentacji Polski w Piłce Nożnej (po 2000)

Kliknij tutaj aby rozwiązać quiz!

Ogólne statystyki

  • Ten quiz został rozwiązany 1 447 razy
    (705 od ostatniego zresetowania)
  • Średni wynik to 8 z 11

Statystyki odpowiedzi

Imię i Nazwisko% Poprawnych
Adam Nawałka
98%
Paulo Sousa
94%
Czesław Michniewicz
93%
Jerzy Brzęczek
91%
Franciszek Smuda
87%
Zbigniew Boniek
80%
Waldemar Fornalik
73%
Jerzy Engel
64%
Leo Beenhakker
62%
Paweł Janas
62%
Stefan Majewski
43%

Rozkład punktacji

Percentyl według liczby udzielonych odpowiedzi

Procent ludzi z każdym wynikiem

Twoja historia wyników

Nie rozwiązałeś tego quizu od ostatniego zresetowania